| 000 | 01047nam a2200265Ia 4500 | ||
|---|---|---|---|
| 003 | OSt | ||
| 005 | 20221005104152.0 | ||
| 006 | a|||||r|||| 00| 0 | ||
| 007 | ta | ||
| 008 | 221004b |||||||| |||| 00| 0 hin d | ||
| 020 |
_a9789384864507 (hbk) _cINR 1750.00 |
||
| 024 | _a66157 | ||
| 037 |
_b255, 18/12/2019, Eastern Book Linkers _cTextual |
||
| 040 |
_aCRL _cCRL _bhin |
||
| 041 |
_2hin _ahin |
||
| 082 | _aV2.C, 152Q9 | ||
| 100 |
_aराय, महेन्द्र नाथ, ले. _9169268 |
||
| 245 | 0 | _aप्राचीन भारत धर्म, समाज एवं संस्कृति | |
| 246 | _aPrāchīn bhārat dharma, samāj evan sanskṛuti | ||
| 260 |
_aदिल्ली _bनिशा साइंटीफिक भारत _c2019 |
||
| 300 |
_a344पृ0 _ccm. |
||
| 650 |
_aभारत-इतिहास _9156353 |
||
| 942 |
_hV2.C, 152Q9 _cTEXL _2cc |
||
| 999 |
_c1011927 _d1011927 |
||